|
|
|
|
| LEADER |
01106nam a2200277 a 4500 |
| 001 |
12139301 |
| 008 |
100109s2000 dcu b 001 0 eng d |
| 010 |
|
|
|a \\\00010804
|
| 020 |
|
|
|a 0870031783 (pbk. : alk. paper)
|
| 020 |
|
|
|a 0870031813 (alk. paper)
|
| 040 |
|
|
|a DLC
|c DLC
|d DLC
|d BD-DhAAL
|
| 082 |
0 |
0 |
|a 327.1/11
|2 21
|
| 245 |
0 |
0 |
|a Funding virtue :
|b civil society aid and democracy promotion /
|c Marina Ottaway, Thomas Carothers, editors.
|
| 260 |
|
|
|a Washington, D.C. :
|b Carnegie Endowment for International Peace,
|c c2000.
|
| 300 |
|
|
|a ix, 339 p. ;
|c 23 cm.
|
| 500 |
|
|
|a "A Carnegie Endowment book"--P. [4] cover.
|
| 504 |
|
|
|a Includes bibliographical references (p. 311-319) and index.
|
| 541 |
1 |
|
|e 00009755
|
| 650 |
|
0 |
|a Civil society.
|
| 650 |
|
0 |
|a Democratization.
|
| 650 |
|
0 |
|a Economic assistance.
|
| 700 |
1 |
|
|a Ottaway, Marina.
|
| 700 |
1 |
|
|a Carothers, Thomas,
|d 1956-
|
| 852 |
4 |
|
|a Ayesha Abed Library
|j General shelf
|
| 999 |
|
|
|c 6802
|d 6802
|
| 952 |
|
|
|0 0
|1 0
|2 ddc
|4 0
|6 327_111000000000000_FUN_2000
|7 0
|9 6994
|a BRACUL
|b BRACUL
|c GEN
|d 2010-01-10
|l 0
|o 327.111 FUN
|p 3010009755
|r 2010-01-10
|t 1
|w 2010-01-10
|y BK
|